000 00633nam a2200217 a 4500
001 BRCA_7347
005 20190320205813.0
008 210213s1945----u--#######---#000-0#eng-#
041 _aeng
044 _au
050 4 _aJX1691
_b.D57 1945
245 1 0 _aDiplomatic list
_cDepartment of State.
260 _aWashington, D. C.
_bU.S. Government Printing Office
_c1945
300 _a133 p.
500 _aQ2
650 1 4 _aEmbajadores
_vDirectorios
_zWashington
_918162
650 1 4 _aServicio diplomático y consular
_vDirectorios
_zWashington
_918163
710 2 _aDepartment of State (E. U.)
_918164
902 _aGFM
942 _2lcc
_cB
999 _c7023
_d7023